Elogio de Menéndez Pelayo (Record no. 59056)
[ view plain ]
| 000 -LEADER | |
|---|---|
| campo de control de longitud fija | 00659nam a2200193 i 4500 |
| 001 - NÚMERO DE CONTROL | |
| campo de control | 59056 |
| 003 - IDENTIFICADOR DE NÚMERO DE CONTROL | |
| campo de control | ES-MaACL |
| 005 - FECHA Y HORA DE LA ÚLTIMA TRANSACCIÓN | |
| campo de control | 20250824063033.0 |
| 007 - CAMPO FIJO DE DESCRIPCIÓN FÍSICA--INFORMACIÓN GENERAL | |
| campo de control de longitud fija | t| |
| 008 - DATOS DE LONGITUD FIJA--INFORMACIÓN GENERAL | |
| campo de control de longitud fija | 031027s1916 sp |||| |dspa d |
| 100 1# - ENTRADA PRINCIPAL--NOMBRE DE PERSONA | |
| Nombre de persona | Echegaray, Carmelo de, |
| Fechas asociadas al nombre | 1865-1925 |
| 9 (RLIN) | 46523 |
| 245 10 - MENCIÓN DEL TÍTULO | |
| Título | Elogio de Menéndez Pelayo |
| Resto del título | : discurso leído en el Ateneo de Santander el día 19 de mayo de 1916 / |
| Mención de responsabilidad, etc. | Carmelo de Echegaray. |
| 260 ## - PUBLICACIÓN, DISTRIBUCIÓN, ETC. | |
| Lugar de publicación, distribución, etc. | Santander : |
| Nombre del editor, distribuidor, etc. | [s.n., |
| Fecha de publicación, distribución, etc. | 1916] |
| 300 ## - DESCRIPCIÓN FÍSICA | |
| Extensión | 22 p. ; |
| Dimensiones | 21 cm. |
| 600 17 - PUNTO DE ACCESO ADICIONAL DE MATERIA--NOMBRE DE PERSONA | |
| Nombre de persona | Menéndez y Pelayo, Marcelino, |
| Fechas asociadas al nombre | 1856-1912 |
| Fuente del encabezamiento o término | embne |
| 9 (RLIN) | 80332 |
| 710 2# - ENTRADA AGREGADA--NOMBRE DE ENTIDAD CORPORATIVA | |
| Nombre de entidad corporativa o nombre de jurisdicción como elemento de entrada | Ateneo de Santander. |
| 9 (RLIN) | 2024 |
| 852 ## - LOCALIZACIÓN | |
| Ubicación | ES-MaACL |
| Número de control de estantería | 1559-F-10 |
| Estatus retirado | Estado de pérdida | Estado de daño | No para préstamo | Colección | Biblioteca de origen | Biblioteca actual | Ubicación en estantería | Fecha de adquisición | Fuente de adquisición | Total de préstamos | Signatura topográfica completa | Código de barras | Visto por última vez | Precio de reemplazo | Tipo de ítem Koha |
|---|---|---|---|---|---|---|---|---|---|---|---|---|---|---|---|
| Colección de folletos | Biblioteca del Ateneo de Madrid | Biblioteca del Ateneo de Madrid | Depósito folletos | 17/01/2008 | 1559-F-10 | 1061947 | 23/02/2023 | 23/02/2023 | Folleto |
